Normal view
MARC view
Entry Corporate Name
001 - CONTROL NUMBER
- control field: 24646
003 - CONTROL NUMBER IDENTIFIER
- control field: ARRUPE
005 - DATE AND TIME OF LATEST TRANSACTION
- control field: 20160804113537.0
008 - FIXED-LENGTH DATA ELEMENTS
- fixed length control field: 160804|| aca||aabn | a|a d
040 ## - CATALOGING SOURCE
- Original cataloging agency: ARRUPE
- Transcribing agency: ARRUPE
110 ## - HEADING--CORPORATE NAME
- Corporate name or jurisdiction name as entry element: Afrolit Society.
670 ## - SOURCE DATA FOUND
- Source citation: Work cat.: (ARRUPE)0: Afrolit Society Literacy Seminar (3rd : 1972 : Lomé, Togo) 24643, Literacy and human development :, c1979.